Freeways and Expressways of Taiwan - Statistics

General Stats
  • This quiz has been taken 16 times
  • The average score is 25 of 40
Answer Stats
Answer % Correct
National Freeway 3
100%
National Freeway 3A
100%
National Freeway 1
91%
National Freeway 10
91%
National Freeway 2
91%
National Freeway 4
91%
National Freeway 5
91%
National Freeway 6
91%
National Freeway 8
91%
Provincial Highway 61
82%
Provincial Highway 62
82%
Provincial Highway 62A
82%
Provincial Highway 66
82%
Provincial Highway 68
82%
Provincial Highway 68A
82%
Provincial Highway 64
73%
Provincial Highway 65
73%
Provincial Highway 72
73%
Provincial Highway 74
73%
Provincial Highway 76
73%
Provincial Highway 78
73%
Provincial Highway 82
73%
Provincial Highway 84
73%
Provincial Highway 86
73%
Provincial Highway 88
73%
Huanhe Expressway
45%
Xinsheng Expressway
45%
Zhoumei Expressway
45%
Civic Boulevard
36%
Jianguo Expressway
36%
Keelung Road (Elevated and Underground Section)
36%
Shuiyuan Expressway
36%
Huandong Boulevard
27%
New Taipei Huanhe Expressway
27%
Xinyi Expressway
27%
Zhongshan Expressway
27%
Tiding Boulevard
18%
Xindian Huanhe Expressway
18%
Kaohsiung Metropolitan Expressway
9%
Tainan Metropolitan Expressway
9%
No matching quizzes found
Score Distribution
Percent of People with Each Score
Percentile by Number Answered
Your Score History
You have not taken this quiz